Guess The Lyrics - Beatles - Statistics

General Stats
  • This quiz has been taken 133 times
  • The average score is 155 of 239
Answer Stats
Answer % Correct
I
99%
you
94%
You
94%
a
93%
the
93%
love
87%
to
87%
it
83%
my
83%
your
82%
and
79%
go
78%
on
76%
on?
76%
can
75%
Do
75%
no
74%
be
73%
is
72%
We
72%
we
72%
So
70%
that
68%
have
66%
I'm
65%
if
64%
it's
64%
see
64%
what
64%
can't
63%
For
63%
way,
63%
way
63%
will
63%
you're
63%
Life
61%
say
61%
out,
60%
out.
60%
out
60%
time
59%
too
59%
work
59%
of
57%
there's
57%
There's
57%
am
55%
Try
55%
very
55%
short,
54%
friend.
53%
tell
53%
or
52%
ask
51%
once
51%
right
51%
fighting,
50%
thought
50%
again.
49%
always
49%
crime,
49%
long.
49%
wrong
49%
wrong.
49%
fussing
48%
Only
48%
gone.
47%
chance
46%
may
46%
Think
46%
think
46%
get
45%
keep
45%
our
45%
saying.
45%
saying,
45%
before
42%
till
42%
soon
41%
night.
40%
talking
40%
alright.
39%
apart
39%
fall
39%
good
39%
still
37%
knowing
34%
While
34%
risk
33%
straight,
26%
Run
23%
No matching quizzes found
Score Distribution
Percent of People with Each Score
Percentile by Number Answered
Your Score History
You have not taken this quiz